00857cam a2200241 a 4500001000800000005001700008008004100025020002300066020002400089040001800113082001900131245007800150260005100228300001300279500007400292650001900366650002200385650001300407650002900420700003400449856006600483856006600549392565020240221044241.0930112s1992 enk b 000 0 eng  a0803987773 (cased) a0803987811 (pbk.) : aDLCcDLCdDLC00a322.220bEMA.00aEmancipations, modern and postmodern /cedited by Jan Nederveen Pieterse. aLondon ;aNewbury Park, Calif. :bSage,c1992. a324 p. ; aOriginally published in volume 23, issue 3 of Development and change. 0aSocial change. 0aSocial movements. 0aLiberty. 0aPolitical participation.2 aNederveen Pieterse, Jan.eedt42uhttp://www.loc.gov/catdir/enhancements/fy0656/92050450-d.html41uhttp://www.loc.gov/catdir/enhancements/fy0656/92050450-t.html